书目信息 |
| 题名: |
计算机辅助新闻学概论
|
|
| 作者: | 王波 编著 | |
| 分册: | ||
| 出版信息: | 北京 新华出版社 2000 |
|
| 页数: | 344页 | |
| 开本: | 20cm | |
| 丛书名: | ||
| 单 册: | ||
| 中图分类: | G210.7 | |
| 科图分类: | ||
| 主题词: | 计算机应用--新闻工作 , 计算机应用 , 新闻工作 | |
| 电子资源: | ||
| ISBN: | 7-5011-5002-8 | |
| 000 | 00915nam0 2200277 45 | |
| 001 | 012000059198 | |
| 005 | 20070116095043.81 | |
| 010 | @a7-5011-5002-8@dCNY22.00 | |
| 092 | @aCN@b501488 | |
| 100 | @a20060809d2000 em y0chiy0120 ea | |
| 101 | 0 | @achi |
| 102 | @aCN@b110000 | |
| 105 | @ay z 000yy | |
| 200 | 1 | @a计算机辅助新闻学概论@9ji suan ji fu zhu xin wen xue gai lun@f王波编著 |
| 210 | @a北京@c新华出版社@d2000 | |
| 215 | @a344页@d20cm | |
| 320 | @a有书目 | |
| 330 | @a本书分计算机辅助报道:从数据的海洋中发现新闻;计算机辅助调研:21世纪的新闻调研方式;计算机辅助引证:从纸介质的一统天下到光、电、磁的加盟等四部分,共计12章。 | |
| 510 | 1 | @aAn Outline of Computer-Assisted Journalism@zeng |
| 606 | 0 | @a计算机应用@x新闻工作 |
| 606 | 0 | @a计算机应用 |
| 606 | 0 | @a新闻工作 |
| 690 | @aG210.7@v4 | |
| 701 | 0 | @a王波@9wang bo@4编著 |
| 801 | 0 | @aCN@bLZJBOOK@c20070116 |
| 905 | @a10447@dG210.7@e209 | |
| 计算机辅助新闻学概论/王波编著.-北京:新华出版社,2000 |
| 344页;20cm |
| ISBN 7-5011-5002-8:CNY22.00 |
| 本书分计算机辅助报道:从数据的海洋中发现新闻;计算机辅助调研:21世纪的新闻调研方式;计算机辅助引证:从纸介质的一统天下到光、电、磁的加盟等四部分,共计12章。 |
| ● |
| 相关链接 |
|
|
|
|
正题名:计算机辅助新闻学概论
索取号:G210.7/209
 
预约/预借
| 序号 | 登录号 | 条形码 | 馆藏地/架位号 | 状态 | 备注 |
| 1 | 0555392 | 205553925 | 第一样本阅览室/ [索取号:G210.7/209] | 在馆 | |
| 2 | 0555393 | 205553934 | 第四借阅区/ [索取号:G210.7/209] | 在馆 | |
| 3 | 0555394 | 205553943 | 第四借阅区/ [索取号:G210.7/209] | 在馆 | |
| 4 | 0555395 | 205553952 | 第四借阅区/ [索取号:G210.7/209] | 在馆 | |
| 5 | 0555396 | 205553961 | 第四借阅区/ [索取号:G210.7/209] | 在馆 | |
| 6 | 0555397 | 205553970 | 第四借阅区/ [索取号:G210.7/209] | 在馆 | |
| 7 | 0555398 | 205553989 | 第四借阅区/ [索取号:G210.7/209] | 在馆 | |
| 8 | 0555399 | 205553998 | 第四借阅区/ [索取号:G210.7/209] | 在馆 |